000 00294nam a22001337a 4500
008 181023b xxu||||| |||| 00| 0 eng d
020 _a9780742541122
041 _aeng
080 _a320
100 _a21
101 _aSHP
245 _aGlobalization & Militarism
_cEnloe,C
942 _2udc
_cBK
999 _c50571
_d50571